Responses for Show #5018 - Wednesday, June 7, 2006

Contestants

[<< previous game]

Quinn Saunders, a filmmaker originally from Lumberton, New Jersey

Roberta Ellington, a marketing coordinator from Tustin, California

Dan Sander, a trust officer from Calgary, Alberta, Canada (whose 3-day cash winnings total $65,202)

[next game >>]

Jeopardy! Round responses

THE GRATEFUL DEAD
CITY OF THE DAY: BOSTON
PETS
FASHION DESIGNERS
A SHORT HISTORY OF WESTERN UNION
"TOP" DRAWER
    $200 7
(Jerry) Garcia

Dan
    $200 13
Paul Revere

Quinn
    $200 6
Vitamin C

Dan
    $200 18
Donna Karan

Quinn
    $200 23
stop

Dan
    $200 1
topaz

Quinn
    $400 8
(Roberta: What is Newport?)

Monterey

RobertaQuinn
    $400 14
Bunker Hill (or Breed's Hill)

Roberta
    $400 11
a cat

Dan
    $400 19
Liz Claiborne

Dan
    $400 24
Utah

Roberta
    $400 2
topographer

Roberta
    $600 9
The Rolling Stones

Dan
    $600 15
Beacon Hill

Triple Stumper
    $600 28
a shark

Quinn
    $600 20
(Coco) Chanel

Dan
    $600 25
a ticker

Roberta
    $600 3
topiary

Quinn
    $800 10
the Pyramids

Roberta
    $1,000 16
(Alexander Graham) Bell

Roberta
    $800 29
a pack

Roberta
    $800 21
Christian Dior

Triple Stumper
    $800 26
a credit card (or charge card)

Roberta
    $800 4
Topeka

Quinn
    $1000 12
Bill Graham

Triple Stumper
    $1000 17
(Peter) Faneuil

Quinn
    $1000 30
ultraviolet

Roberta
    $1000 22
(Alex: He was also a contestant on Celebrity Jeopardy! [*].)

Isaac Mizrahi

Triple Stumper
    $1000 27
microwaves

Triple Stumper
    $1000 5
Topkapi Palace

Triple Stumper

Scores at the first commercial break (after clue 16):

Dan Roberta Quinn
$1,400 $2,200 $2,200

Scores at the end of the Jeopardy! Round:

Dan Roberta Quinn
$2,600 $5,800 $4,000

Double Jeopardy! Round responses

THE DEADFUL GREAT
BILL MURRAY FILM QUOTES
THE MODERN ARMY
(Sarah: We'll show you the tools it's using to meet 21st century challenges.)
NATIONAL MEDAL OF ARTS RECIPIENTS
LITERARY WHICH CAME FIRST
FEMININE WORDS
    $400 21
Susan B. Anthony

Quinn
    $400 1
Caddyshack

Quinn
    $400 26
urban (city)

Quinn
    $400 16
Hume Cronyn

Dan
    $400 6
Carrie

Dan
    $400 11
poetess

Quinn
    $800 22
(Ulysses) Grant

Dan
    $1,400 2
(Alex: The filmmaker gets a film category Daily Double.)

Groundhog Day

Quinn
    $800 27
R&R

Quinn
    $800 17
sculpture

Quinn
    $800 7
The Firm

Quinn
    $800 12
contessa

Quinn
    $1200 23
(Florence) Nightingale

Dan
    $1200 3
Ghostbusters

Dan
    $1200 28
(Quinn: What is Desert Storm?)

Iraqi Freedom

DanQuinn
    $1200 18
(Dan: Who is Marian Anderson?)
(Quinn: Who is Ella Fitzgerald?)

Leontyne Price

DanQuinn
Triple Stumper
    $1,200 8
(Quinn: What is Bleak House?)

A Christmas Carol

Quinn
    $1200 13
(Alex: The breaded potato is a croquette; take the "R" out and you have [*].)

coquette

Triple Stumper
    $1600 24
(James) Joyce

Quinn
    $1600 4
Stripes

Quinn
    $1600 29
Meals Ready-to-Eat

Roberta
    $1600 19
Horton Foote

Triple Stumper
    $1600 9
(Quinn: What is The Hound of the Baskervilles?)

A Study in Scarlet

RobertaQuinn
    $1600 14
concubine

Triple Stumper
    $2000 25
Leibniz

Triple Stumper
    $2000 5
Garfield

Quinn
    $2000 30
unmanned

Quinn
    $2000 20
architecture

Quinn
    $2000 10
The Stranger

Roberta
    $2000 15
testatrix

Dan

Scores at the end of the Double Jeopardy! Round:

Dan Roberta Quinn
$8,600 $11,000 $14,200

[wagering suggestions for these scores]

Final Jeopardy! Round responses

CANADIAN POSTAL ABBREVIATIONS
(Alex: The luck of the draw has given us this Final Jeopardy! category on a day when we have a Canadian champion. Let's see how he does with this clue.)
...
(Alex: Dan, if you didn't get it right you may not be able to go back home...)
...
(Alex: Quinn, it's up to you... Not [*]? What'd you pick, Alberta, for al?)
(Quinn: You know, I knew [*], but I choked.)
DanWhat is Ontario?
$8,599
RobertaWhat is Ontario?
$6,500
QuinnWhat is Alberta?
$7,801
Ontario

Final scores:

Dan Roberta Quinn
$17,199 $17,500 $6,399
2nd place: $2,000 New champion: $17,500 3rd place: $1,000

Game dynamics:

Coryat scores:

Dan Roberta Quinn
$8,600 $10,800 $14,800
14 R,
1 W
12 R
(including 1 DD),
1 W
22 R
(including 1 DD),
4 W
(including 1 DD)

Combined Coryat: $34,200

[game clues] [game scores] [suggest correction]

Game tape date: Unknown
The J! Archive is created by fans, for fans. Scraping, republication, monetization, and malicious use prohibited; this site may use cookies and collect identifying information. See terms. The Jeopardy! game show and all elements thereof, including but not limited to copyright and trademark thereto, are the property of Jeopardy Productions, Inc. and are protected under law. This website is not affiliated with, sponsored by, or operated by Jeopardy Productions, Inc. Join the discussion at JBoard.tv.